| 000 | 00961nam a22002537a 4500 | ||
|---|---|---|---|
| 999 |
_c7549 _d7549 |
||
| 003 | AR-CdUCM | ||
| 008 | 190320b ||||| |||| 00| 0 spa d | ||
| 040 |
_aMUNICIPALIDAD PROVINCIAL DEL CUSCO _cBIBLIOTECA MUNICIPAL DEL CUSCO |
||
| 041 | _heng | ||
| 082 |
_a632.7 / _bIN5 |
||
| 110 |
_aEditorial herrero _921312 |
||
| 245 |
_aInsectos : _bPlagas de la agricultura y sistemas para combatirlas / |
||
| 260 |
_aMéxico : _bHerreros, _c1963. |
||
| 300 |
_a876 paginas ; _bLaminas, ilustraciones, _c29 cm. |
||
| 500 | _aTitulo original : Insects | ||
| 505 | _aPresentación de los insectos -- Como se conoce un insecto -- Los insectos útiles -- Los insectos destructores -- Naturaleza de insecticidas... | ||
| 650 |
_aInsectos _921313 |
||
| 650 |
_aPlagas _921314 |
||
| 650 |
_aPlagas en la agricultura _921315 |
||
| 700 |
_aMeza Nieto, José _97934 |
||
| 710 |
_aMartinéz Torner, Florentino (Traductores) _921316 |
||
| 942 |
_2ddc _cLIBROS |
||
| 945 | _awnts | ||